000 00703nam a2200241 i 4500
001 C2-0281224
003 PPAK
005 20180728011858.0
008 070807s2006 si |||| ||||| | eng d
020 _a9812303316
040 _aPPAK
_beng
_cPPAK
_erda
082 0 4 _a658.4009593
_223
090 0 0 _a658.4009593
_bCOR
_dR
245 0 0 _aCorporate governance in Thailand
264 1 _aSingapore :
_bInstitute of Southeast Asian Studies ,
_c2006
300 _axxi, 120 pages ;
_c24 cm
336 _2rdacontent
_atext
337 _2rdamedia
_aunmediated
338 _2rdacarrier
_avolume
650 1 0 _aCorprate governance - Thailand studies
700 1 _aMontreevat, Sakurat,
_eeditor
942 _ddc
_cB
999 _c87596
_d87596